书目信息 |
| 题名: |
二十四节气谚语新编
|
|
| 作者: | 高达 编著 | |
| 分册: | ||
| 出版信息: | 合肥 安徽文艺出版社 2007.01 |
|
| 页数: | 196页 | |
| 开本: | 23cm | |
| 丛书名: | 农家乐丛书 | |
| 单 册: | ||
| 中图分类: | S165 | |
| 科图分类: | ||
| 主题词: | 农谚--nong yan--中国--汇编 | |
| 电子资源: | ||
| ISBN: | 978-7-5396-2860-8 | |
| 000 | 00846nam 2200253 450 | |
| 001 | 012008332146 | |
| 005 | 20080618141918.39 | |
| 010 | @a978-7-5396-2860-8@dCNY15.00 | |
| 100 | @a20080617d2007 em y0chiy0120 ea | |
| 101 | 0 | @achi |
| 102 | @aCN@b340000 | |
| 105 | @aa z 000yy | |
| 106 | @ar | |
| 200 | 1 | @a二十四节气谚语新编@Aer shi si jie qi yan yu xin bian@f高达编著@Fgao da bian zhu |
| 210 | @a合肥@c安徽文艺出版社@d2007.01 | |
| 215 | @a196页@c图@d23cm | |
| 225 | 2 | @a农家乐丛书@Anong jia yue cong shu |
| 330 | @a本书以二十四节气为脉络,以谚语为载体,在讲述气象文化的同时,也讲述人与人的关系、人与自然的关系,以及人类生存的基本法则。 | |
| 410 | 0 | @12001 @a农家乐丛书 |
| 606 | 0 | @a农谚@Anong yan@y中国@j汇编 |
| 690 | @aS165@v4 | |
| 701 | 0 | @a高达@Agao da@4编著 |
| 801 | 0 | @aCN@bQSSK@c20080618 |
| 905 | @b727913-14@dS165@eG100@f2 | |
| 二十四节气谚语新编/高达编著.-合肥:安徽文艺出版社,2007.01 |
| 196页:图;23cm.-(农家乐丛书) |
| ISBN 978-7-5396-2860-8:CNY15.00 |
| 本书以二十四节气为脉络,以谚语为载体,在讲述气象文化的同时,也讲述人与人的关系、人与自然的关系,以及人类生存的基本法则。 |
| ● |
| 相关链接 |
|
|
|
正题名:二十四节气谚语新编
索取号:S165/G100
 
预约/预借
| 序号 | 登录号 | 条形码 | 馆藏地/架位号 | 状态 | 备注 |
| 1 | 727913 | 207279130 | 自科库401/401自科库 66排7列2层/ [索取号:S165/G100] | 在馆 | |
| 2 | 727914 | 207279149 | 自科库401/401自科库 66排7列2层/ [索取号:S165/G100] | 在馆 |